International organisations (Record no. 361179)

000 -LEADER
fixed length control field 00382cam a22001217a 4500
008 - FIXED-LENGTH DATA ELEMENTS--GENERAL INFORMATION
fixed length control field 180718b xxu||||| |||| 00| 0 eng d
082 ## - DEWEY DECIMAL CLASSIFICATION NUMBER
Classification number D6 B927
245 ## - TITLE STATEMENT
Title International organisations
Statement of responsibility, etc. by Burmah-Shell. Economics Department
260 ## - PUBLICATION, DISTRIBUTION, ETC.
Place of publication, distribution, etc.
Name of publisher, distributor, etc. Economics Department, Burmah-Shell
Date of publication, distribution, etc.
300 ## - PHYSICAL DESCRIPTION
Extent 50p.
650 ## - SUBJECT ADDED ENTRY--TOPICAL TERM
Topical term or geographic name entry element International Organizations
700 ## - ADDED ENTRY--PERSONAL NAME
Personal name Burmah-Shell. Economic Department
Holdings
Withdrawn status Lost status Damaged status Not for loan Permanent Location Current Location Date acquired Full call number Barcode Date last seen Price effective from Koha item type
        Indian Institute of Public Administration Indian Institute of Public Administration 1994-06-06 D6 In8 27423 2018-07-21 2018-07-21 Book

Powered by Koha